| 000 | 00000nam##2200000za#4500 |
| 001 | 9.634207 |
| 003 | CaOODSP |
| 005 | 20210624215705 |
| 007 | cr ||||||||||| |
| 008 | 150407|2007||||xxc|||||o f|0| 0 fre|d |
| 020 | |a978-0-662-09372-5 |
| 040 | |aCaOODSP|bfre |
| 043 | |an-cn--- |
| 086 | 1 |aCH41-18/2007F-PDF |
| 110 | 1 |aCanada. |bPatrimoine canadien. |
| 245 | 10|aAide à l'expansion des maisons d'édition de magazines - Fonds du Canada pour les magazines : |h[ressource électronique]|bguide du demandeur 2007-2008 / |c[par] Politique et programmes de l'édition des périodiques. |
| 260 | |aOttawa - Ontario : |bPatrimoine canadien |cc2007. |
| 300 | |a29p.|btableaux |
| 500 | |aLe n° de catalogue (CH41-18/2007F) et l'ISBN (978-0-662-09371-8) de l'édition imprimée ont été copiés dans l'édition électronique. |
| 590 | |a14-17-Supp|b2014-10-09 |
| 691 | 07|aPublication en série|2gcpds |
| 775 | 08|tSupport for business development for magazine publishers - Canada Magazine Fund : |w(CaOODSP)9.689810 |
| 856 | 40|ahttp://publications.gc.ca|qPDF|s1.01 Mo|uhttps://publications.gc.ca/collections/collection_2014/pc-ch/CH41-18-2007-fra.pdf |